000 00401pab a2200157 454500
008 180718b1986 xxu||||| |||| 00| 0 eng d
100 _aWard, Ian
245 _aThe government and local accountability since Layfield
260 _c1986
300 _a21-32
362 _aJan.-Feb.
650 _aMunicipal Finance
700 _aPeter Williams
773 _aLocal Government Studies
909 _a13850
999 _c13850
_d13850